000 01060nam a2200325 i 4500
999 _c1583
_d1583
001 019432224
003 Uk
005 20230113153228.0
008 190704s2019 enka j 000|p|eng|d
015 _aGBC011373
_2bnb
016 7 _a019432224
_2Uk
020 _a9781848578661 (hbk.) :
040 _aStDuBDS
_beng
_cStDuBDS
_dUk
_dKH8
_erda
042 _aukblcatcopy
082 0 4 _a821.92 OTT
_223
100 1 _aOtter, Isabel,
_eauthor.
245 1 0 _aTogether :
_banimal partnerships in the wild /
_cwritten by Isabel Otter ; illustrated by Clover Robin.
264 1 _aLondon :
_bCaterpillar Books,
_c2019.
300 _a26 unnumbered pages :
_billustrations (colour) ;
_c29 cm
336 _atext
_2rdacontent
336 _astill image
_2rdacontent
337 _aunmediated
_2rdamedia
338 _avolume
_2rdacarrier
650 0 _aAnimal behavior
_vJuvenile poetry.
650 0 _aChildren's poetry, English.
650 0 _aHaiku, English.
650 0 _aAnimal behavior
_vJuvenile literature.
700 1 _aRobin, Clover,
_eillustrator.
942 _2ddc
_cNFIC